ბათუმის შოთა რუსთაველის სახელმწიფო უნივერსიტეტის ბიბლიოთეკა

ქალის სამოსელი აღმოსავლეთ საქართველოს მთიანეთში : (ბიბ.ჩანაწერი № 38074)

000 -ლიდერი
ფიქსირებული სიგრძის საკონტროლო ველი 00983nam a2200217Ia 4500
001 - საკონტროლო ნომერი
საკონტროლო ველი 4060
003 - საკონტროლო ნომრის იდენტიფიკატორი
საკონტროლო ველი GE_BSU
005 - ბოლო ოპერაციის თარიღი და დრო
საკონტროლო ველი 20190926112021.0
008 - ფიქსირებული სიგრძის მონაცემთა ელემენტები - ზოგადი ინფორმაცია
ფიქსირებული სიგრძის საკონტროლო ველი 181216s1974||||ge |||||||||||||| ||geo||
040 ## - კატალოგიზაციის წყარო
Transcribing agency GE_BSU
041 ## - ენის კოდი
Language code of text/sound track or separate title geo
080 ## - უნივერსალური ათობითი კლასიფიკაციის ინდექსი
Universal Decimal Classification number 391(479.22)+646(479.22) ბ–42
100 ## - მთავარი ჩანაწერი - პიროვნების სახელი
Personal name ბეზარაშვილი, ც.
9 (RLIN) 4329
245 ## - ცნობა სათაურის შესახებ
Title ქალის სამოსელი აღმოსავლეთ საქართველოს მთიანეთში :
Remainder of title ეთნოგრაფიული მასალების მიხედვით /
Statement of responsibility, etc რედ. გ. ჯალაბაძე.
264 ## - წარმოების, გამოცემის, დისტრიბუციის და სხვა ცნობები
გამოცემის, წარმოების, დისტრიბუციის... ადგილი თბ. :
გამოცემის, წარმოების, დისტრიბუციის... სახელწოდება მეცნიერება,
გამოცემის, წარმოების, დისტრიბუციის... თარიღი 1974.
300 ## - ფიზიკური აღწერა
Extent 117გვ. :
Other physical details ტაბ.,
Dimensions 25 სმ.
520 ## - SUMMARY, ETC.
Summary, etc რეზ. რუს. და ინგლ. ენ.
653 ## - INDEX TERM--UNCONTROLLED
Uncontrolled term ქართული ტანსაცმელი
700 ## - ADDED ENTRY--PERSONAL NAME
Personal name ჯალაბაძე, გ.
Relator term რედაქტორი
9 (RLIN) 4330
942 ## - ADDED ENTRY ELEMENTS (KOHA)
Koha item type წიგნი
Source of classification or shelving scheme
ეგზემპლარები
ჩამოწერის სტატუსი დაკარგული ეგზემპლარის სტატუსი კლასიფიკაციის წყარო ან თაროზე გაწყობის სქემა დაზიანების სტატუსი არ გაიცემა მუდმივი მდებარეობა (დაცვის ადგილი) ამჟამინდელი ადგილსამყოფელი თაროზე განთავსების ადგილი შეძენის თარიღი ღირებულება, შესყიდვის ნორმალური ფასი სრული შენახვის შიფრი შტრიხკოდი ბოლო ოპერაციის თარიღი ეგზემპლარის მიმდევრობითი ნომერი (კეტერი?) ფასის ძალაში შესვლის თარიღი ეგზემპლარის სახეობა საჯარო შენიშვნა
          ბათუმის შოთა რუსთაველის სახელმწიფო უნივერსიტეტის მთავარი ბიბლიოთეკა ბათუმის შოთა რუსთაველის სახელმწიფო უნივერსიტეტის მთავარი ბიბლიოთეკა წიგნსაცავი 2018-12-17 4.00 391(479.22)+646(479.22) ბ–42 5802 2018-12-17 5802 2018-12-17 წიგნი 4 ლ.